| 000 | 01001nab a2200277 u 4500 | ||
|---|---|---|---|
| 001 | 02953 | ||
| 003 | HDC | ||
| 007 | cr bn --- | ||
| 008 | 201224p xx n |0 may | ||
| 040 | _aHDC | ||
| 100 |
_aNorhidayah Pauzi, _eauthor _91513 |
||
| 245 | 0 |
_aPerkembangan Pensijilan Halal Negara MABIMS: Satu Analisis Perbandingan / _cby Norhidayah Pauzi and Saadan Man |
|
| 260 |
_a[No Place] : _b[publisher not identified], _c[no year] |
||
| 300 | _a1 online resource (30 pages) | ||
| 336 |
_atext _2rdacontent |
||
| 337 |
_acomputer _2rdamedia |
||
| 338 |
_aonline resource _2rdacarrier |
||
| 650 |
_aHalal food industry _9128 |
||
| 650 |
_aHalal food industry _xCertification _9415 |
||
| 650 |
_aHalal food _950 |
||
| 700 |
_aSaadan Man, _eauthor _91514 |
||
| 856 | _zRequest full-text at [email protected] | ||
| 942 | _2lcc | ||
| 942 | _cAR | ||
| 942 | _kJART 001616 | ||
| 999 |
_c339 _d339 |
||